000
00331nam a22001457a 4500
008
221107b ||||| |||| 00| 0 eng d
020
_a
9780495806172
041
_a
eng
080
_2
TENTH EDITION
_a
573
082
_a
573 KAL
100
_a
16.1
101
_a
BIO
245
_a
BIOLOGICAL PSYCHOLOGY
_c
KALAT W.J
942
_2
udc
_c
BK
999
_c
58755
_d
58755